Statistiken für Jung, Brutal, Gutaussehend 3 (JBG3) Tracklist

Klicken Sie hier um das Quiz zu spielen!

Allgemein

  • Dieses Quiz wurde 25 mal gespielt
  • Das Durchschnittsergebnis liegt bei 11 aus 22

Antwortstatistiken

HintAntwort% Korrekt
2
Ave Maria
80%
1Sturmmaske auf
80%
7Es wird Zeit
75%
9Jagdsaison
70%
17Älter brutaler skrupelloser
60%
8Düsseldorfer
60%
12Warlordz
60%
11Frontload
55%
3Gamechanger
55%
14Massephase
55%
16in jeder deutschen Großstadt
50%
4Rap wieder Rap
50%
5Studiogangster
50%
10Jung Brutal Gutaussehend 2017
45%
15Eines Tages
40%
(3)Minotaurusnacken
35%
(4)0815
30%
13Die letzte Gangsterrapcrew
30%
(5)Ja ich will
30%
6Wenn der Gegner am Boden liegt
25%
(2)Drecksjob
20%
(1)Ghettosuperstars 2
20%

Verteilung der Resultate

Perzentil nach korrekt beantworteten Fragen

Anzahl Personen mit jedem Resultat

Ihre Resultats-Entwicklung

Sie haben dieses Quiz noch nicht gespielt